| 000 | 00542nam a2200121Ia 4500 | ||
|---|---|---|---|
| 008 | 171212s9999 xx 000 0 und d | ||
| 020 | _a9780833041692 | ||
| 100 | _aJackson, Brian A.;Frelinger, David R.;Lostumbo, Michael J.;Button, Robert W. | ||
| 245 |
_cJackson, Brian A.;Frelinger, David R.;Lostumbo, Michael J.;Button, Robert W. _aEvaluating Novel Threats to the Homeland _bUnmanned Aerial Vehicles and Cruise Missiles |
||
| 260 |
_bRAND Corporation _c2008 |
||
| 650 | _aPolitical Science | ||
| 856 | _uwww.jstor.org/stable/10.7249/mg626dtra | ||
| 999 |
_c352023 _d352023 |
||